[Event "BCF-chT4a 0405 (4NCL)"]
[Site "Telford"]
[Date "2005.05.28"]
[Round "9.5"]
[White "Richardson, Joe M"]
[Black "Ryan, Raymond Sam"]
[Result "1-0"]
[WhiteElo "2001"]
[BlackElo "1720"]
[PlyCount "79"]
[EventDate "2004.11.06"]
[EventType "team-tourn"]
[EventRounds "11"]
[EventCountry "ENG"]
[SourceTitle "EXT 2006"]
[Source "ChessBase"]
[SourceDate "2005.11.24"]
[SourceVersion "1"]
[SourceVersionDate "2005.11.24"]
[SourceQuality "1"]
[WhiteTeam "Sussex Mindsports"]
[BlackTeam "Conquistadors"]
[WhiteTeamCountry "ENG"]
[BlackTeamCountry "ENG"]

1. d4 Nf6 2. c4 g6 3. Nf3 Bg7 4. Bf4 d6 5. e3 Nc6 6. a3 Bf5 7. Nc3 0-0 8. Be2 Re8 9. d5 e5 10. Bg5 Ne7 11. Nd2 h6 12. Bh4 c6 13. e4 g5 14. Bg3 Bg6 15. h4 cxd5 16. cxd5 Rc8 17. Bb5 Rf8 18. Bd3 Qb6 19. Rb1 Bh5 20. Be2 Bxe2 21. Qxe2 Nd7 22. hxg5 hxg5 23. Qg4 f5 24. Qxg5 f4 25. Bh4 Rf7 26. Qg4 Qc7 27. Nf3 Nf6 28. Bxf6 Rxf6 29. Ng5 Rg6 30. Qh4 Bh6 31. Ne6 Qd7 32. g4 fxg3 33. fxg3 Rc4 34. Qh5 a5 35. Ke2 b5 36. Rbf1 Qe8 37. g4 b4 38. g5 bxc3 39. Rf8+ Bxf8 40. Qh7# 1-0